000 00627cam a22002053a 4500
001 33319
003 PGUSA
005 20140828083724.0
008 100801s2010||||xxu|||||s|||||000 | eng d
040 _aPGUSA
_beng
042 _adc
100 1 _aButterworth, Hezekiah,
_d1839-1905
245 1 0 _aZigzag Journeys in Europe :
_bVacation Rambles in Historic Lands
_h[electronic resource] /
_cHezekiah Butterworth
260 _bProject Gutenberg,
_c2010
506 _aPublic domain in the USA.
516 _aElectronic text
830 0 _aProject Gutenberg
_v33319
856 4 0 _uhttp://www.gutenberg.org/ebooks/33319
942 _cEB
999 _c262574
_d262574